Guess the Movie by a Picture #5 - Statistics

General Stats
  • This quiz has been taken 366 times
  • The average score is 8 of 12
Answer Stats
Picture Hint Answer % Correct
1995 Toy Story
99%
2001 Harry Potter and the Philosopher’s Stone
98%
2017 It
88%
2016 Doctor Strange
86%
2012 The Avengers
86%
2022 Top Gun: Maverick
86%
1999 Fight Club
78%
2019 Parasite
54%
2020 Tenet
39%
2013 12 Years a Slave
38%
2014 Edge of Tomorrow
27%
2006 The Departed
27%
No matching quizzes found
Score Distribution
Percent of People with Each Score
Percentile by Number Answered
Your Score History
You have not taken this quiz